[Event "Extremadura-chT"]
[Site "Spain"]
[Date "2009.01.17"]
[Round "1.1"]
[White "Mateos Gomez, Juan Francisco"]
[Black "Crespo Ramos, Maria"]
[Result "1/2-1/2"]
[WhiteElo "2092"]
[BlackElo "1615"]
[PlyCount "102"]
[EventDate "2009.01.17"]
[EventType "team-swiss"]
[EventRounds "9"]
[EventCountry "ESP"]
[SourceTitle "EXT 2011"]
[Source "ChessBase"]
[SourceDate "2010.11.26"]
[SourceVersion "1"]
[SourceVersionDate "2010.11.26"]
[SourceQuality "1"]
[WhiteTeam "Moralo"]
[BlackTeam "Miguel Illescas"]
[WhiteTeamCountry "ESP"]
[BlackTeamCountry "ESP"]

1. Nc3 Nf6 2. Nf3 d5 3. d3 g6 4. Bg5 Bg7 5. Qd2 h6 6. Bf4 Nh5 7. Be5 Bxe5 8. Nxe5 Qd6 9. d4 Nd7 10. e4 Nxe5 11. dxe5 Qxe5 12. Qxd5 Qxd5 13. Nxd5 Kd8 14. 0-0-0 Bd7 15. Be2 c6 16. Bxh5 cxd5 17. Be2 Kc7 18. Rxd5 Bc6 19. Rc5 Rhd8 20. f3 Rd7 21. Rd1 Rad8 22. Rxd7+ Rxd7 23. a4 Kb6 24. b4 Bxa4 25. Ra5 Bc6 26. c4 a6 27. Ra3 Rd4 28. Kc2 Be8 29. Kc3 e5 30. Ra5 f6 31. Rd5 Rxd5 32. exd5 f5 33. Bd1 a5 34. c5+ Kb5 35. Be2+ Ka4 36. b5 Bxb5 37. c6 Bxc6 38. dxc6 bxc6 39. Kc4 Ka3 40. Kc5 a4 41. Kxc6 Kb2 42. Kd5 a3 43. Bc4 Kc3 44. Ba2 Kd3 45. Kxe5 Ke3 46. Kf6 Kf2 47. Kxg6 f4 48. Kf5 Kxg2 49. Kxf4 Kxh2 50. Kg4 h5+ 51. Kxh5 Kg3 1/2-1/2

[Event "ESP-ch Student"]
[Site "Cartagena"]
[Date "2007.05.09"]
[Round "6"]
[White "Alberola Mulet, Jairo"]
[Black "Mateos Gomez, Juan Francisco"]
[Result "1-0"]
[WhiteElo "2171"]
[BlackElo "2087"]
[PlyCount "91"]
[EventDate "2007.05.06"]
[EventType "swiss"]
[EventRounds "9"]
[EventCountry "ESP"]
[SourceTitle "CBM 118 Extra"]
[Source "ChessBase"]
[SourceDate "2007.07.04"]
[SourceVersion "1"]
[SourceVersionDate "2007.07.04"]
[SourceQuality "1"]

1. e4 e5 2. Nf3 Nc6 3. d4 exd4 4. Nxd4 Nf6 5. Nxc6 bxc6 6. Bd3 Bb4+ 7. Nc3 Qe7 8. 0-0 Bb7 9. Bf4 0-0-0 10. a3 Bc5 11. Na4 Bd4 12. c3 Be5 13. Be3 d5 14. Nc5 Nxe4 15. Bxe4 dxe4 16. Qb3 Ba8 17. Qa4 Kb8 18. Qa6 Bd4 19. Bxd4 Rxd4 20. cxd4 f5 21. Rac1 Qxc5 22. dxc5 Bb7 23. Qc4 g5 24. Rcd1 h5 25. Rd7 h4 26. Qf7 Rc8 27. Qxf5 h3 28. gxh3 Ba6 29. Rfd1 Bd3 30. Qxg5 Be2 31. R1d2 Bf3 32. Rd8 e3 33. Rxc8+ Kxc8 34. Qxe3 Bh5 35. f4 a5 36. f5 a4 37. f6 Kb7 38. Qe7 Ka6 39. f7 Bxf7 40. Qxf7 Kb5 41. Qe7 Kc4 42. h4 Kb3 43. h5 Ka2 44. h6 Kb1 45. b4 Kc1 46. Qe1# 1-0

[Event "ESP-ch Student"]
[Site "Cartagena"]
[Date "2007.05.07"]
[Round "2"]
[White "Garcia Gil, Jesus"]
[Black "Mateos Gomez, Juan Francisco"]
[Result "1-0"]
[WhiteElo "1791"]
[BlackElo "2087"]
[PlyCount "99"]
[EventDate "2007.05.06"]
[EventType "swiss"]
[EventRounds "9"]
[EventCountry "ESP"]
[SourceTitle "CBM 118 Extra"]
[Source "ChessBase"]
[SourceDate "2007.07.04"]
[SourceVersion "1"]
[SourceVersionDate "2007.07.04"]
[SourceQuality "1"]

1. e4 Nf6 2. e5 Nd5 3. c4 Nb6 4. d4 d6 5. Nf3 dxe5 6. Nxe5 N8d7 7. Bf4 Nxe5 8. Bxe5 f6 9. Bf4 c5 10. d5 e5 11. Be3 Bf5 12. Nc3 Bd6 13. Bd3 Qd7 14. Qh5+ g6 15. Qe2 Nc8 16. 0-0 0-0 17. Nb5 e4 18. Bc2 b6 19. Rac1 Bb8 20. f3 exf3 21. Qxf3 Bxc2 22. Rxc2 a6 23. d6 axb5 24. Qxa8 Qxd6 25. Qd5+ Kg7 26. Qxd6 Nxd6 27. cxb5 Re8 28. Re1 Re4 29. Rce2 Kf7 30. Bf2 Rxe2 31. Rxe2 Nxb5 32. b4 Nc3 33. Rc2 cxb4 34. Bxb6 Bd6 35. Bd4 Nd5 36. Bc5 Be5 37. h3 Ke6 38. Kf2 Nf4 39. Kf3 Nd5 40. Bf8 Bc3 41. Ke4 f5+ 42. Kd3 f4 43. Bh6 Kf5 44. Bf8 g5 45. Bc5 h5 46. Bd4 b3 47. axb3 Bb4 48. Kc4 Ke4 49. Re2+ Ne3+ 50. Bxe3 1-0

[Event "Extremadura-chT"]
[Site "Spain"]
[Date "2007.01.27"]
[Round "2.3"]
[White "Chamorro de la Morena, Jose Ramon"]
[Black "Mateos Gomez, Juan Francisco"]
[Result "0-1"]
[WhiteElo "1824"]
[BlackElo "2115"]
[PlyCount "74"]
[EventDate "2007.01.20"]
[EventType "team-swiss"]
[EventRounds "7"]
[EventCountry "ESP"]
[SourceTitle "EXT 2011"]
[Source "ChessBase"]
[SourceDate "2010.11.26"]
[SourceVersion "1"]
[SourceVersionDate "2010.11.26"]
[SourceQuality "1"]
[WhiteTeam "Cibeles"]
[BlackTeam "Extremadura Magic"]
[WhiteTeamCountry "ESP"]
[BlackTeamCountry "ESP"]

1. e4 Nf6 2. Nc3 e5 3. f4 d5 4. fxe5 Nxe4 5. Nf3 Be7 6. d4 0-0 7. Bd3 Nxc3 8. bxc3 f6 9. 0-0 Nc6 10. Bf4 Bg4 11. Be2 b6 12. Qd2 Qd7 13. Rab1 Kh8 14. c4 Rad8 15. c3 dxc4 16. Bxc4 Na5 17. Bd3 c5 18. exf6 gxf6 19. Be3 Nc6 20. Qf2 Bxf3 21. Qxf3 cxd4 22. Qh5 Bc5 23. Bf5 Qf7 24. Qxf7 Rxf7 25. cxd4 Bxd4 26. Bxd4 Rxd4 27. Rbc1 Ne5 28. Rc8+ Kg7 29. Rfc1 Rf4 30. Be6 Re7 31. Rg8+ Kh6 32. Rc3 Rh4 33. Bb3 Ng4 34. g3 Re1+ 35. Kg2 Rxh2+ 36. Kf3 Rf1+ 37. Kxg4 f5# 0-1

[Event "Deba op"]
[Site "Deba"]
[Date "2006.10.14"]
[Round "3"]
[White "Mateos Gomez, Juan Francisco"]
[Black "Paredes Cordo, Jacobo Borja"]
[Result "0-1"]
[WhiteElo "2116"]
[BlackElo "2214"]
[PlyCount "46"]
[EventDate "2006.10.13"]
[EventType "swiss"]
[EventRounds "7"]
[EventCountry "ESP"]
[SourceTitle "EXT 2007"]
[Source "ChessBase"]
[SourceDate "2006.11.23"]
[SourceVersion "1"]
[SourceVersionDate "2006.11.23"]
[SourceQuality "1"]

1. g3 f5 2. Bg2 Nf6 3. c4 g6 4. Nc3 Bg7 5. d3 d6 6. e4 0-0 7. exf5 gxf5 8. Nge2 Nc6 9. 0-0 e5 10. d4 Qe8 11. Nd5 Nxd5 12. Bxd5+ Kh8 13. dxe5 dxe5 14. Re1 e4 15. Be3 Ne5 16. c5 c6 17. Bb3 Nf3+ 18. Kg2 Qh5 19. h4 f4 20. Bxf4 Nxh4+ 21. gxh4 Qf3+ 22. Kh2 Qxf2+ 23. Kh1 Bg4 0-1

[Event "Don Benito"]
[Site "Don Benito"]
[Date "2004.08.25"]
[Round "3"]
[White "Mateos Gomez, Juan Francisco"]
[Black "Veingold, Aleksandr"]
[Result "0-1"]
[WhiteElo "2181"]
[BlackElo "2464"]
[PlyCount "82"]
[EventDate "2004.08.??"]
[EventType "tourn"]
[EventRounds "9"]
[EventCountry "ESP"]
[EventCategory "3"]
[SourceTitle "EXT 2005"]
[Source "ChessBase"]
[SourceDate "2004.11.15"]
[SourceVersion "1"]
[SourceVersionDate "2004.11.15"]
[SourceQuality "1"]

1. e4 c5 2. Nf3 Nc6 3. d4 cxd4 4. Nxd4 Nf6 5. Nc3 d6 6. Bg5 e6 7. Qd2 a6 8. f3 Be7 9. 0-0-0 Qa5 10. Be3 Nxd4 11. Qxd4 b5 12. Kb1 0-0 13. g4 Bb7 14. g5 Nd7 15. Qd2 b4 16. Ne2 Ne5 17. Nd4 d5 18. Nb3 Qc7 19. Qf2 dxe4 20. Bb6 Qb8 21. fxe4 Bxe4 22. Rg1 Rc8 23. Bd3 Nxd3 24. cxd3 Bg6 25. h4 Rc6 26. Be3 Bh5 27. g6 hxg6 28. Rgf1 Qe8 29. Rd2 Rd8 30. Nd4 Rcd6 31. Rc2 Bf6 32. Rc4 Qd7 33. Nb3 Rxd3 34. Rfc1 Rd1 35. Bb6 Qd3+ 36. R4c2 Rd5 37. Ka1 Qf3 38. Qh2 Be5 39. Rc8+ Kh7 40. Qc2 Qe2 41. Qb1 Bg4 0-1

[Event "Don Benito"]
[Site "Don Benito"]
[Date "2004.08.25"]
[Round "4"]
[White "Vallejo Diaz, Javier"]
[Black "Mateos Gomez, Juan Francisco"]
[Result "1/2-1/2"]
[WhiteElo "2130"]
[BlackElo "2181"]
[PlyCount "71"]
[EventDate "2004.08.??"]
[EventType "tourn"]
[EventRounds "9"]
[EventCountry "ESP"]
[EventCategory "3"]
[SourceTitle "EXT 2005"]
[Source "ChessBase"]
[SourceDate "2004.11.15"]
[SourceVersion "1"]
[SourceVersionDate "2004.11.15"]
[SourceQuality "1"]

1. e4 c5 2. Nc3 e6 3. f4 Nc6 4. Nf3 Nge7 5. Bb5 a6 6. Bxc6 Nxc6 7. 0-0 b5 8. d3 Be7 9. Qe1 d5 10. Bd2 0-0 11. e5 f5 12. h3 Nb4 13. Qc1 Qb6 14. Ne2 d4 15. Bxb4 cxb4 16. Nfxd4 Bc5 17. c3 bxc3 18. bxc3 b4 19. Kh2 Bb7 20. Nf3 bxc3 21. Rb1 Qa7 22. Qxc3 Rac8 23. d4 Be7 24. Qd2 Be4 25. Rbc1 Ba3 26. Rxc8 Rxc8 27. Qe3 Qe7 28. Nc3 Ba8 29. Nb1 Bb2 30. Qd2 Qb7 31. Qd3 Bc1 32. Nbd2 Qb2 33. Qxa6 Re8 34. Qa4 Rb8 35. Qd1 Rc8 36. Qb3 1/2-1/2

[Event "Don Benito"]
[Site "Don Benito"]
[Date "2004.08.23"]
[Round "1"]
[White "Mateos Gomez, Juan Francisco"]
[Black "Mateo, Ramon"]
[Result "0-1"]
[WhiteElo "2181"]
[BlackElo "2427"]
[PlyCount "70"]
[EventDate "2004.08.??"]
[EventType "tourn"]
[EventRounds "9"]
[EventCountry "ESP"]
[EventCategory "3"]
[SourceTitle "EXT 2005"]
[Source "ChessBase"]
[SourceDate "2004.11.15"]
[SourceVersion "1"]
[SourceVersionDate "2004.11.15"]
[SourceQuality "1"]

1. d4 Nf6 2. Bg5 c5 3. d5 Qb6 4. Nc3 d6 5. e4 h6 6. Be3 Qxb2 7. Bd2 Qb6 8. f4 e5 9. Nf3 Nbd7 10. Bb5 a6 11. Ba4 Qc7 12. Rb1 b5 13. Bxb5 axb5 14. Nxb5 Qb6 15. 0-0 Ba6 16. Nc3 Qa7 17. Kh1 Be7 18. fxe5 dxe5 19. Rg1 Rb8 20. Rxb8+ Qxb8 21. Nh4 g6 22. Qf3 Qd6 23. Rb1 Nh5 24. Nf5 gxf5 25. Qxh5 f4 26. a4 Bg5 27. a5 Ke7 28. h4 Bf6 29. Na4 Rb8 30. Re1 Rg8 31. Bxf4 exf4 32. Nxc5 Qxc5 33. e5 Bxe5 34. Rxe5+ Nxe5 35. Qxe5+ Kf8 0-1

[Event "Narciso Yepes Memorial"]
[Site "Lorca"]
[Date "2004.??.??"]
[Round "1"]
[White "Alonso Garcia, Rene Marcial"]
[Black "Mateos Gomez, Juan Francisco"]
[Result "0-1"]
[WhiteElo "2377"]
[BlackElo "2193"]
[PlyCount "34"]
[EventDate "2004.06.26"]
[EventType "swiss"]
[EventRounds "9"]
[EventCountry "ESP"]
[SourceTitle "EXT 2005"]
[Source "ChessBase"]
[SourceDate "2004.11.15"]
[SourceVersion "1"]
[SourceVersionDate "2004.11.15"]
[SourceQuality "1"]

1. d4 Nf6 2. Nf3 g6 3. Nbd2 Bg7 4. e4 d6 5. Bc4 0-0 6. Qe2 c6 7. a4 Na6 8. c3 Nc7 9. e5 Nfd5 10. Nf1 Ne6 11. Bxd5 cxd5 12. h4 h5 13. Ng5 dxe5 14. dxe5 d4 15. Bd2 dxc3 16. Bxc3 Nf4 17. Qf3 Nd3+ 0-1

[Event "Narciso Yepes Memorial"]
[Site "Lorca"]
[Date "2004.??.??"]
[Round "8"]
[White "Cortes Lizano, Jesus"]
[Black "Mateos Gomez, Juan Francisco"]
[Result "1-0"]
[WhiteElo "2107"]
[BlackElo "2193"]
[PlyCount "77"]
[EventDate "2004.06.26"]
[EventType "swiss"]
[EventRounds "9"]
[EventCountry "ESP"]
[SourceTitle "EXT 2005"]
[Source "ChessBase"]
[SourceDate "2004.11.15"]
[SourceVersion "1"]
[SourceVersionDate "2004.11.15"]
[SourceQuality "1"]

1. e4 d5 2. e5 e6 3. d4 c5 4. c3 Nc6 5. Nf3 Qb6 6. Be2 Bd7 7. 0-0 cxd4 8. cxd4 Nge7 9. b3 Ng6 10. Bb2 Be7 11. Nc3 0-0 12. Na4 Qd8 13. Re1 Bb4 14. Bc3 Bxc3 15. Nxc3 Rc8 16. Rc1 Nh4 17. Nxh4 Qxh4 18. Bb5 f6 19. Bxc6 Rxc6 20. g3 Qh3 21. exf6 Rxf6 22. f4 h5 23. Re5 Rf5 24. Qf1 Qg4 25. Re3 Qg6 26. Ne2 Rxc1 27. Nxc1 Qf6 28. Re5 g5 29. Rxf5 Qxf5 30. fxg5 Qxg5 31. Qf4 Qg7 32. Nd3 Qg6 33. Ne5 Qb1+ 34. Kg2 Qc2+ 35. Kh3 Be8 36. Qg5+ Kh7 37. Qe7+ Kh6 38. Qxe6+ Kg5 39. Nf3# 1-0

[Event "Narciso Yepes Memorial"]
[Site "Lorca"]
[Date "2004.??.??"]
[Round "4"]
[White "Farran Martos, Francesco Xavier"]
[Black "Mateos Gomez, Juan Francisco"]
[Result "1-0"]
[WhiteElo "2086"]
[BlackElo "2193"]
[PlyCount "37"]
[EventDate "2004.06.26"]
[EventType "swiss"]
[EventRounds "9"]
[EventCountry "ESP"]
[SourceTitle "EXT 2005"]
[Source "ChessBase"]
[SourceDate "2004.11.15"]
[SourceVersion "1"]
[SourceVersionDate "2004.11.15"]
[SourceQuality "1"]

1. e4 d5 2. exd5 Nf6 3. Bb5+ Bd7 4. Be2 Nxd5 5. d4 Bf5 6. c4 Nb4 7. Na3 e6 8. Bf4 N8c6 9. Nf3 Qd7 10. 0-0 0-0-0 11. Nb5 a6 12. Bxc7 axb5 13. Bxd8 Kxd8 14. cxb5 Na5 15. a3 Bc2 16. Qe1 Nb3 17. axb4 Nxa1 18. Qxa1 Bxb4 19. Qa8+ 1-0

[Event "Extremadura-chT"]
[Site "Spain"]
[Date "2004.??.??"]
[Round "?"]
[White "Mateos Gomez, Juan Francisco"]
[Black "Cabezas Ayala, Ivan"]
[Result "1/2-1/2"]
[WhiteElo "2190"]
[BlackElo "2370"]
[PlyCount "53"]
[EventDate "2004.??.??"]
[EventType "team"]
[EventRounds "9"]
[EventCountry "ESP"]
[SourceTitle "EXT 2007"]
[Source "ChessBase"]
[SourceDate "2006.11.23"]
[SourceVersion "1"]
[SourceVersionDate "2006.11.23"]
[SourceQuality "1"]

1. e4 e5 2. Nf3 Nc6 3. Bc4 Nf6 4. Ng5 d5 5. exd5 Na5 6. Bb5+ c6 7. dxc6 bxc6 8. Qf3 Rb8 9. Bd3 Bd6 10. b3 h6 11. Ne4 Nxe4 12. Bxe4 0-0 13. g4 Qg5 14. Bf5 e4 15. Qh3 Bxf5 16. gxf5 Rb5 17. Nc3 Qxf5 18. Qg2 Qf6 19. h4 Rf5 20. Bb2 Re8 21. Rg1 e3 22. fxe3 Qxh4+ 23. Ke2 Rg5 24. Qf2 Qh5+ 25. Qf3 Qh2+ 26. Qf2 Qh5+ 27. Qf3 1/2-1/2